000 00197nam a2200085Ia 4500
008 120527s9999 xx 000 0 und d
100 _aHubbard & Hankins
245 _aTheory of valuation
942 _cBK
999 _c27241
_d27241